| 000 | 01226nam a2200313 c 4500 | ||
|---|---|---|---|
| 001 | 000030476 | ||
| 003 | RuMoIPM | ||
| 005 | 20260505114344.0 | ||
| 008 | 230210s1972 ru ||||||| |||| ||rus d | ||
| 035 | _a(RuMoBEN) 002014930 | ||
| 035 | _a(ELAR retro) [2022] 000105237 | ||
| 040 |
_aRuMoBEN _brus _ercr |
||
| 041 | 0 |
_arus _heng |
|
| 044 | _aru | ||
| 080 | _a510.2 | ||
| 080 | _a510 (022) | ||
| 100 | 1 | _aРасева, Елена | |
| 245 | 1 | 0 |
_aМатематика метаматематики _cЕ. Расева, Р. Сикорский ; Пер. с англ. В. А. Янкова |
| 260 |
_aМосква _bНаука _c1972 |
||
| 300 | _a592 с. | ||
| 490 | 0 | _aМатематическая логика и основания математики | |
| 500 | _aНа обороте тит. л.: Helena Rasiowa and Roman Sikorski. The mathematics of metamathematies | ||
| 504 | _aБиблиогр.: с. 568-578 | ||
| 504 | _aУказ. имен. и предм.: с. 581-591 | ||
| 700 | 1 | _aСикорский, Роман | |
| 700 | 1 |
_aЯнков, Вадим Анатольевич _eпер. |
|
| 856 |
_qapplication/pdf _uhttps://ikfia.ysn.ru/wp-content/uploads/2018/01/RasevaSikorskij1972ru.pdf |
||
| 942 | _cBK | ||
| 999 |
_c30476 _d30476 |
||